<?xml version="1.0" encoding="UTF-8"?>
<record
    xmlns:xsi="http://www.w3.org/2001/XMLSchema-instance"
    xsi:schemaLocation="http://www.loc.gov/MARC21/slim http://www.loc.gov/standards/marcxml/schema/MARC21slim.xsd"
    xmlns="http://www.loc.gov/MARC21/slim">

  <leader>02448njm a2200373 c 4500</leader>
  <controlfield tag="001"> </controlfield>
  <controlfield tag="003">DO-SdBNP</controlfield>
  <controlfield tag="005">20240319134703.0</controlfield>
  <controlfield tag="008">160127s2013  mx    d     spa</controlfield>
  <datafield tag="015" ind1=" " ind2=" ">
    <subfield code="a"> </subfield>
  </datafield>
  <datafield tag="017" ind1=" " ind2=" ">
    <subfield code="a"> </subfield>
    <subfield code="b"> </subfield>
  </datafield>
  <datafield tag="020" ind1=" " ind2=" ">
    <subfield code="a">9786071616456</subfield>
  </datafield>
  <datafield tag="035" ind1=" " ind2=" ">
    <subfield code="a"> </subfield>
  </datafield>
  <datafield tag="040" ind1=" " ind2=" ">
    <subfield code="a">BPMSU</subfield>
    <subfield code="b">spa</subfield>
    <subfield code="c">BPMSU</subfield>
    <subfield code="e"> </subfield>
  </datafield>
  <datafield tag="082" ind1=" " ind2="4">
    <subfield code="a">320.972</subfield>
    <subfield code="b">L561e 2013</subfield>
    <subfield code="2">22</subfield>
  </datafield>
  <datafield tag="084" ind1=" " ind2=" ">
    <subfield code="a"> </subfield>
    <subfield code="2"> </subfield>
  </datafield>
  <datafield tag="100" ind1="1" ind2=" ">
    <subfield code="a">Lemp&#xE9;ri&#xE9;re, Annick. </subfield>
    <subfield code="d"> </subfield>
    <subfield code="4"> </subfield>
  </datafield>
  <datafield tag="240" ind1="1" ind2="0">
    <subfield code="a"> </subfield>
    <subfield code="n"> </subfield>
    <subfield code="r"> </subfield>
  </datafield>
  <datafield tag="245" ind1="1" ind2="0">
    <subfield code="a"> Entre Dios y el rey :</subfield>
    <subfield code="b"> la rep&#xFA;blica, la ciudad de M&#xE9;xico de los siglos XVI al XIX /</subfield>
    <subfield code="c"> Annick Lemp&#xE9;ri&#xE9;re ; traducci&#xF3;n Hern&#xE1;ndez P&#xE9;rez Vertti</subfield>
  </datafield>
  <datafield tag="260" ind1=" " ind2=" ">
    <subfield code="a">M&#xE9;xico :</subfield>
    <subfield code="b">Fondo de Cultura Econon&#xF3;mica, </subfield>
    <subfield code="c">2013</subfield>
  </datafield>
  <datafield tag="300" ind1=" " ind2=" ">
    <subfield code="a">395 p. ;</subfield>
    <subfield code="c">23 cm.</subfield>
    <subfield code="b"> </subfield>
    <subfield code="e"> </subfield>
  </datafield>
  <datafield tag="490" ind1="0" ind2=" ">
    <subfield code="a">Secci&#xF3;n de obras de historia </subfield>
  </datafield>
  <datafield tag="500" ind1=" " ind2=" ">
    <subfield code="a"> Incluye bibliograf&#xED;as e &#xED;ndice. </subfield>
  </datafield>
  <datafield tag="504" ind1=" " ind2=" ">
    <subfield code="a"> </subfield>
  </datafield>
  <datafield tag="520" ind1=" " ind2=" ">
    <subfield code="a">M&#xE9;xico ejerci&#xF3; un atractivo singular, hecho de fascinaci&#xF3;n y terror, sobre varios escritores anglosajones notables del siglo XX. Pero s&#xF3;lo en Malcolm Lowry la mezcla de la vida y la obra alcanza abismos en verdad infernales, volc&#xE1;nicos, como hay tantos en la geograf&#xED;a mexicana. Los devotos lectores de Bajo el volc&#xE1;n (1947) -sin exageraci&#xF3;n, una de las cumbres literarias del siglo XX- supieron siempre que aquella novela magistral escond&#xED;a claves personales que ped&#xED;an una biograf&#xED;a definitiva que las revelara. Nadie mejor que Gordon Bowker para escribirla. Bi&#xF3;grafo de Orwell y Durrell y compilador editorial de Lowry, Bowker explora con detalle acucioso, a partir de fuentes y testimonios hasta ahora desconocidos, y con una sensibilidad a un tiempo cuidadosa y descarnada, el laberinto existencial de Lowry: el insensato suicidio al que orill&#xF3; a un amigo de la juventud y la estela de culpa; el alcoholismo agresivo; sus dos matrimonios; la p&#xE9;rdida de sus manuscritos; el incendio de su casa; su tr&#xE1;nsito por ciudades, prisiones, cantinas y sanatorios; su torturada relaci&#xF3;n con m&#xE9;dicos, editores, familiares, doctores; su misteriosa muerte. </subfield>
  </datafield>
  <datafield tag="534" ind1=" " ind2=" ">
    <subfield code="p">T&#xED;tulo original : </subfield>
    <subfield code="t">Entre Dieu et le roi, la R&#xE9;publique : Mexico, XVIe-XIXe si&#xE8;cles</subfield>
  </datafield>
  <datafield tag="590" ind1=" " ind2=" ">
    <subfield code="a">Inventariado, 2024/VM</subfield>
  </datafield>
  <datafield tag="650" ind1=" " ind2="4">
    <subfield code="a">Pol&#xED;tica </subfield>
    <subfield code="x">Historia </subfield>
    <subfield code="y">Siglos XVI-XIX</subfield>
    <subfield code="z">M&#xE9;xico </subfield>
  </datafield>
  <datafield tag="651" ind1=" " ind2="4">
    <subfield code="a"> M&#xE9;xico  </subfield>
    <subfield code="x">Pol&#xED;tica y gobierno </subfield>
    <subfield code="y"> Siglos XVI-XIX</subfield>
  </datafield>
  <datafield tag="700" ind1="1" ind2=" ">
    <subfield code="a"> Hern&#xE1;ndez Vertti, Ivette </subfield>
    <subfield code="e">tr.</subfield>
    <subfield code="d"> </subfield>
    <subfield code="t"> </subfield>
    <subfield code="m"> </subfield>
    <subfield code="n"> </subfield>
    <subfield code="r"> </subfield>
  </datafield>
  <datafield tag="710" ind1="2" ind2=" ">
    <subfield code="a">Fondo de Cultura Econ&#xF3;mica (M&#xE9;xico)</subfield>
  </datafield>
  <datafield tag="910" ind1=" " ind2=" ">
    <subfield code="a">VMateo V. Control de calidad. BPMSU</subfield>
  </datafield>
  <datafield tag="942" ind1=" " ind2=" ">
    <subfield code="2">ddc</subfield>
    <subfield code="c">BK</subfield>
  </datafield>
  <datafield tag="952" ind1=" " ind2=" ">
    <subfield code="0">0</subfield>
    <subfield code="1">0</subfield>
    <subfield code="2">ddc</subfield>
    <subfield code="4">0</subfield>
    <subfield code="7">0</subfield>
    <subfield code="8">CG</subfield>
    <subfield code="a">BPMET</subfield>
    <subfield code="b">BPMET</subfield>
    <subfield code="d">2024-03-19</subfield>
    <subfield code="e">Fondo de Cultura Econ&#xF3;mica</subfield>
    <subfield code="l">0</subfield>
    <subfield code="o">BPMSU CG 320.972 L561e 2013</subfield>
    <subfield code="p">BPMSU24030063</subfield>
    <subfield code="r">2024-03-19</subfield>
    <subfield code="w">2024-03-19</subfield>
    <subfield code="y">BK</subfield>
  </datafield>
  <datafield tag="952" ind1=" " ind2=" ">
    <subfield code="0">0</subfield>
    <subfield code="1">0</subfield>
    <subfield code="2">ddc</subfield>
    <subfield code="4">0</subfield>
    <subfield code="7">0</subfield>
    <subfield code="8">CG</subfield>
    <subfield code="a">BPMET</subfield>
    <subfield code="b">BPMET</subfield>
    <subfield code="d">2024-03-19</subfield>
    <subfield code="e">Fondo de Cultura Econ&#xF3;mica</subfield>
    <subfield code="l">0</subfield>
    <subfield code="o">BPMSU CG 320.972 L561e 2013</subfield>
    <subfield code="p">BPMSU24030064</subfield>
    <subfield code="r">2024-03-19</subfield>
    <subfield code="t">e.2</subfield>
    <subfield code="w">2024-03-19</subfield>
    <subfield code="y">BK</subfield>
  </datafield>
  <datafield tag="999" ind1=" " ind2=" ">
    <subfield code="c">14603</subfield>
    <subfield code="d">14603</subfield>
  </datafield>
</record>
